| 000 | 00738cam a2200205 a 4500 | ||
|---|---|---|---|
| 020 | _a9780821374917 | ||
| 020 | _a0821374915 | ||
| 020 | _a9780821374924 (electronic) | ||
| 020 | _a0821374923 (electronic) | ||
| 040 | _cDLC | ||
| 082 | 0 | 0 | _a338 WOR 2008 A070 Or. |
| 245 | 0 | 4 |
_aThe growth report : _bstrategies for sustained growth and inclusive development / |
| 260 |
_aWashington DC : _bWorld Bank on behalf of the Commission on Growth and Development, _cc2008. |
||
| 300 |
_axiii, 180 p. : _bill. (chiefly col.), col. map ; _c28 cm. |
||
| 650 | 0 | _aEconomic development | |
| 710 | 2 | _aWorld Bank. | |
| 710 | 2 | _aCommission on Growth and Development. | |
| 856 | 4 | 1 | _uhttp://www.loc.gov/catdir/toc/ecip0823/2008029523.html |
| 942 | _cEK | ||
| 999 |
_c14751 _d14751 |
||